=LDR 00000nam 2200000 4500 =001 INLIS000000000018326 =005 20130612113513 =008 ***********************************Ind** =035 ##$$0010-061300000018326 =041 ##$$a Ind =082 ##$$a 631.841 =090 ##$$a 631.841, Pit p =100 ##$$a Pitojo, Setijo =245 ##$$a Penggunaan urea tablet, Setijo Pitojo =260 ##$$a 1995 $b Jakarta =300 ##$$a vii, 76 hlm, ilus, 21 cm =650 ##$$a Pupuk Urea =850 ##$$a NBPNMAT